| 000 | 00854nam a22002657a 4500 | ||
|---|---|---|---|
| 005 | 20150408105550.0 | ||
| 008 | 150407t2007 mdua fr 001 0 eng d | ||
| 020 | _a9780781787307 | ||
| 020 | _a0781787300 | ||
| 040 | _aEG-ScBUE | ||
| 082 | 0 | 0 |
_222 _a615.1076 _bPHA |
| 245 | 0 | 0 |
_aPharmacology recall / _ceditor Anand Ramachandran. |
| 250 | _a2nd ed. | ||
| 260 |
_aBaltimore : _bWolters Kluwer, Lippincott Williams & Wilkins, _cc.2007. |
||
| 300 |
_axv, 592 p. : _bill. ; _c20 cm. |
||
| 490 | 0 | _aRecall series | |
| 500 | _aIncludes appendixes. | ||
| 500 | _aIncludes full access to audio files. | ||
| 500 | _aIndex : p. 565-592. | ||
| 650 | 0 |
_936103 _aPharmacology _vExaminations, questions, etc. |
|
| 653 |
_bPPhrm _cApril2015 |
||
| 655 |
_vreading book _934232 |
||
| 700 | 1 |
_aRamachandran, Anand, _937601 _eeditor. |
|
| 942 |
_2ddc _k615.1076 PHA |
||
| 999 |
_c19171 _d19143 |
||